[Event "Rocca Priora op 6th"]
[Site "Rocca Priora"]
[Date "2012.08.11"]
[Round "1"]
[White "Urzi, Silvio"]
[Black "Albertini, Luca"]
[Result "0-1"]
[WhiteElo "1732"]
[BlackElo "2122"]
[PlyCount "74"]
[EventDate "2012.08.11"]
[EventType "swiss"]
[EventRounds "7"]
[EventCountry "ITA"]
[SourceTitle "EXT 2014"]
[Source "ChessBase"]
[SourceDate "2013.11.20"]
[SourceVersion "1"]
[SourceVersionDate "2013.11.20"]
[SourceQuality "1"]

1. c4 c6 2. e4 d5 3. exd5 cxd5 4. d4 Nf6 5. Nc3 e6 6. a3 Nc6 7. Nf3 Be7 8. Bd3 0-0 9. 0-0 dxc4 10. Bxc4 a6 11. Ba2 Qb6 12. b4 Rd8 13. Be3 Nd5 14. Qd3 Nxc3 15. Qxc3 Bf6 16. Rad1 Ne7 17. Qc5 Qd6 18. Ng5 Bxg5 19. Bxg5 f6 20. Qxd6 Rxd6 21. Bf4 Rd8 22. Bc7 Re8 23. Rfe1 Kf7 24. d5 Nxd5 25. Bxd5 exd5 26. Rxe8 Kxe8 27. Rxd5 Be6 28. Rd1 Rc8 29. Bb6 Rc3 30. a4 Rc4 31. Bc5 a5 32. h3 axb4 33. Bb6 b3 34. Rd8+ Kf7 35. Rb8 Bc8 36. Bd4 Rxd4 37. Rxc8 b2 0-1

[Event "Rome Elo op 1st"]
[Site "Rome"]
[Date "2008.11.12"]
[Round "5"]
[White "Urzi, Silvio"]
[Black "Riccioni, Luigi"]
[Result "0-1"]
[WhiteElo "1806"]
[BlackElo "1467"]
[PlyCount "90"]
[EventDate "2008.10.15"]
[EventType "swiss"]
[EventRounds "7"]
[EventCountry "ITA"]
[SourceTitle "EXT 2011"]
[Source "ChessBase"]
[SourceDate "2010.11.26"]
[SourceVersion "1"]
[SourceVersionDate "2010.11.26"]
[SourceQuality "1"]

1. c4 Nf6 2. Nc3 g6 3. e4 d6 4. d4 Bg7 5. Nge2 0-0 6. Ng3 Nbd7 7. Be2 c6 8. h4 e5 9. d5 cxd5 10. cxd5 a5 11. h5 Nc5 12. h6 Bh8 13. Bg5 Qb6 14. Qd2 Qc7 15. 0-0 Bg4 16. f3 Bc8 17. Kh1 Ne8 18. Nb5 Qd7 19. f4 f6 20. Bh4 Qe7 21. fxe5 Qxe5 22. Nd4 g5 23. Nf3 Nxe4 24. Nxe4 Qxe4 25. Bd3 Qg4 26. Bf2 Qh5+ 27. Kg1 Qxh6 28. Nh4 f5 29. Nf3 f4 30. Rae1 Bg4 31. Re7 Bf5 32. Nd4 Bxd3 33. Qxd3 Rf7 34. Rfe1 Be5 35. Rxf7 Kxf7 36. Qf5+ Qf6 37. Qxh7+ Ng7 38. Ne6 Qg6 39. Qh3 Nxe6 40. dxe6+ Ke7 41. Rc1 g4 42. Qb3 Rh8 43. Rc7+ Kf6 44. Rf7+ Kg5 45. g3 Qb1+ 0-1

[Event "Zichichi Memorial"]
[Site "Ladispoli"]
[Date "2008.05.??"]
[Round "5"]
[White "Maggi, Fabrizio"]
[Black "Urzi, Silvio"]
[Result "1-0"]
[WhiteElo "2003"]
[BlackElo "1788"]
[PlyCount "29"]
[EventDate "2008.05.01"]
[EventType "swiss"]
[EventRounds "7"]
[EventCountry "ITA"]
[SourceTitle "EXT 2009"]
[Source "ChessBase"]
[SourceDate "2008.11.26"]
[SourceVersion "1"]
[SourceVersionDate "2008.11.26"]
[SourceQuality "1"]

1. e4 e6 2. d4 c5 3. c3 cxd4 4. cxd4 Bb4+ 5. Nc3 Ne7 6. Nf3 0-0 7. Bd3 Nbc6 8. a3 Bxc3+ 9. bxc3 Qc7 10. 0-0 Ng6 11. e5 Nce7 12. a4 Qxc3 13. Ra3 Qb4 14. h4 Nf4 15. Rb3 1-0

[Event "Zichichi Memorial"]
[Site "Ladispoli"]
[Date "2008.05.??"]
[Round "6"]
[White "Maggi, Luigi"]
[Black "Urzi, Silvio"]
[Result "1/2-1/2"]
[WhiteElo "1876"]
[BlackElo "1788"]
[PlyCount "83"]
[EventDate "2008.05.01"]
[EventType "swiss"]
[EventRounds "7"]
[EventCountry "ITA"]
[SourceTitle "EXT 2009"]
[Source "ChessBase"]
[SourceDate "2008.11.26"]
[SourceVersion "1"]
[SourceVersionDate "2008.11.26"]
[SourceQuality "1"]

1. e4 e6 2. d4 d5 3. Nc3 dxe4 4. Nxe4 Bd7 5. Bd3 Bc6 6. Nf3 Nd7 7. 0-0 Ngf6 8. Ng3 Bd6 9. Re1 Bxg3 10. hxg3 Qe7 11. c3 h6 12. b4 Nd5 13. Bd2 a6 14. a4 N7f6 15. b5 Bd7 16. Ne5 axb5 17. axb5 0-0 18. Qb3 Rxa1 19. Rxa1 Nb6 20. Ra7 Ra8 21. Rxa8+ Nxa8 22. c4 Qd6 23. Be3 c5 24. Nxd7 Nxd7 25. dxc5 Nxc5 26. Qa3 Qxd3 27. Qxc5 Nb6 28. Kh2 Nxc4 29. Qc8+ Kh7 30. Qxb7 Nd6 31. Qd7 Qd5 32. g4 Nxb5 33. Qxf7 Nd6 34. Qf3 Qxf3 35. gxf3 g5 36. Bd4 Nc4 37. Kg3 e5 38. Bc3 Kg6 39. Bb4 Kf7 40. Kg2 Kg6 41. Be7 Nd2 42. Kg3 1/2-1/2

[Event "Zichichi Memorial"]
[Site "Ladispoli"]
[Date "2008.05.??"]
[Round "3"]
[White "Trebeschi, Andrea"]
[Black "Urzi, Silvio"]
[Result "1-0"]
[WhiteElo "2068"]
[BlackElo "1788"]
[PlyCount "99"]
[EventDate "2008.05.01"]
[EventType "swiss"]
[EventRounds "7"]
[EventCountry "ITA"]
[SourceTitle "EXT 2009"]
[Source "ChessBase"]
[SourceDate "2008.11.26"]
[SourceVersion "1"]
[SourceVersionDate "2008.11.26"]
[SourceQuality "1"]

1. e4 e6 2. d3 d5 3. Nd2 c5 4. Ngf3 Nc6 5. g3 d4 6. Bg2 e5 7. 0-0 Nge7 8. Nc4 Ng6 9. a4 h5 10. h3 Be7 11. Ne1 Be6 12. f4 exf4 13. gxf4 Nh4 14. f5 Bxc4 15. dxc4 Nxg2 16. Kxg2 Ne5 17. b3 Bg5 18. Nf3 Bxc1 19. Qxc1 Nxf3 20. Rxf3 Qd6 21. Qg5 Qe5 22. Re1 h4 23. Qf4 Qxf4 24. Rxf4 Rd8 25. e5 d3 26. cxd3 Rxd3 27. Rf3 Rxf3 28. Kxf3 Rh5 29. Kg4 g6 30. Rf1 Rxf5 31. Rxf5 gxf5+ 32. Kxh4 Ke7 33. Kg5 Ke6 34. Kf4 f6 35. exf6 Kxf6 36. a5 a6 37. h4 Kg6 38. h5+ Kf6 39. h6 Kg6 40. h7 Kxh7 41. Kxf5 Kg7 42. Ke6 Kf8 43. Kd7 Kf7 44. Kc7 Ke7 45. Kxb7 Kd7 46. Kxa6 Kc6 47. Ka7 Kc7 48. a6 Kc6 49. Kb8 Kb6 50. a7 1-0

[Event "Rome Accademia Autunno op"]
[Site "Rome"]
[Date "2006.10.22"]
[Round "4"]
[White "Urzi, Silvio"]
[Black "Marzio, Mario"]
[Result "1-0"]
[WhiteElo "1876"]
[BlackElo "1445"]
[PlyCount "89"]
[EventDate "2006.10.20"]
[EventType "swiss"]
[EventRounds "5"]
[EventCountry "ITA"]
[SourceTitle "EXT 2023"]
[Source "ChessBase"]
[SourceDate "2022.10.05"]
[SourceVersion "1"]
[SourceVersionDate "2022.10.05"]
[SourceQuality "1"]

1. c4 e6 2. e4 g6 3. d4 d6 4. Nc3 Bg7 5. Nge2 b6 6. Ng3 Bb7 7. Be2 Nc6 8. d5 Bxc3+ 9. bxc3 Ne5 10. Qa4+ Qd7 11. Qd1 Ba6 12. Qb3 Nf6 13. h3 Qe7 14. Qa4+ Nfd7 15. Qxa6 0-0 16. f4 Nc5 17. Qa3 Ned3+ 18. Bxd3 Qh4 19. 0-0 Nxd3 20. Kh2 Rac8 21. Be3 Rce8 22. Rad1 Nc5 23. Qc1 Nd7 24. Bf2 Nf6 25. Kg1 Nd7 26. Nf5 Qd8 27. Bh4 f6 28. Nh6+ Kg7 29. dxe6 Nc5 30. Ng4 Nxe6 31. e5 Nxf4 32. Qxf4 g5 33. exf6+ Kh8 34. Qd4 Rf7 35. Nh6 Qd7 36. Nxf7+ Qxf7 37. Bxg5 Rg8 38. Qd5 Qxd5 39. cxd5 Rf8 40. Bh6 Rf7 41. Bg7+ Kg8 42. Rde1 Rxg7 43. Re8+ Kf7 44. Re7+ Kg6 45. fxg7 1-0

[Event "Civitanova Marche op 1st"]
[Site "Civitanova Marche"]
[Date "2006.07.29"]
[Round "1"]
[White "Urzi, Silvio"]
[Black "Di Caro, Calogero"]
[Result "0-1"]
[WhiteElo "1864"]
[BlackElo "2340"]
[PlyCount "38"]
[EventDate "2006.07.29"]
[EventType "swiss"]
[EventRounds "9"]
[EventCountry "ITA"]
[SourceTitle "EXT 2023"]
[Source "ChessBase"]
[SourceDate "2022.10.05"]
[SourceVersion "1"]
[SourceVersionDate "2022.10.05"]
[SourceQuality "1"]

1. c4 d6 2. d4 e5 3. e3 Nd7 4. Nc3 Ngf6 5. Nf3 g6 6. b3 Bg7 7. dxe5 Ng4 8. Bb2 Ngxe5 9. Be2 0-0 10. 0-0 a5 11. Nd4 Nc5 12. f4 Ned7 13. Rf3 c6 14. Rg3 Nf6 15. h4 Nfe4 16. Nxe4 Nxe4 17. Ne6 Bxe6 18. Bxg7 Kxg7 19. Qd4+ Qf6 0-1